000 00684nam a2200241Ia 4500
003 OSt
005 20220926025511.0
006 a|||||r|||| 00| 0
007 ta
008 220923b |||||||| |||| 00| 0 eng d
020 _a0195670715
037 _cGeneral Book
040 _aRTL
_cRTL
_beng
041 _2eng
_aeng
082 _aX79F.2.P, P5
100 _aRao M.G.
_987914
245 0 _aPolitical economy of feederalisam in India
260 _aOxford
_bOxford University Publication Press
_c2005
300 _a422p
_ccm.
700 _a Singh Nirvikar
_9332398
942 _hX79F.2.P, P5
_cGB
_2CC
999 _c647188
_d647188